Hamburg Football Clubs (with a map) - Statistics

General Stats
  • This quiz has been taken 82 times
    72 since last reset
  • The average score is 8 of 37
Answers on the Map
Answers color-coded by a green-red scale on the quiz's map according to % correct below.
 
Answer Stats
League Club % Correct
Bundesliga 2 FC St. Pauli
97%
Bundesliga 2 Hamburger SV
97%
Oberliga Hamburg Altona 93
53%
Landesliga Hammonia HSV Barmbek- Uhlenhorst
44%
Regionalliga Nord FC Teutonia 05 Ottensen
39%
Oberliga Hamburg SC Victoria Hamburg
38%
Oberliga Hamburg Eimsbütteler SV
33%
Oberliga Hamburg Wandsbeker TSV Concordia
30%
Oberliga Hamburg Niendorfer TSV
29%
Oberliga Hamburg TSV Sasel
27%
Oberliga Hamburg USC Paloma
27%
Landesliga Hammonia SC Nienstedten
18%
Oberliga Hamburg Hamm United
17%
Oberliga Hamburg HEBC
17%
Landesliga Hansa SC Vorwärts-Wacker Billstedt
15%
Landesliga Hansa Rahlstedter SC
15%
Landesliga Hammonia SC Poppenbüttel
15%
Oberliga Hamburg SV Curslack- Neuengamme
14%
Oberliga Hamburg TuS Osdorf
14%
Landesliga Hansa Bramfelder SV
12%
Oberliga Hamburg FC Süderelbe
12%
Landesliga Hammonia Eintracht Lokstedt
11%
Landesliga Hammonia FC Alsterbrüder
11%
Landesliga Hammonia Harburger TB
11%
Oberliga Hamburg FC Türkiye Wilhelmsburg
9%
Landesliga Hansa Meiendorfer SV
9%
Landesliga Hansa SC Condor
9%
Landesliga Hammonia FK Nikola Tesla
8%
Landesliga Hansa VfL Lohbrügge
8%
Landesliga Hansa ETSV Hamburg
6%
Landesliga Hammonia SC Hansa 11
5%
Landesliga Hansa SV Altengamme
5%
Landesliga Hammonia FTSV Altenwerder
3%
Landesliga Hammonia HNT
3%
Landesliga Hansa ASV Hamburg
2%
Landesliga Hansa HT 16
0%
Landesliga Hansa Klub Kosova
0%
No matching quizzes found
Score Distribution
Percent of People with Each Score
Percentile by Number Answered
Your Score History
You have not taken this quiz since the last reset